Statistics for Zimbabwe Country Quiz (medium difficulty)

Click here to take the quiz!

General Stats

  • This quiz has been taken 224 times
  • The average score is 18 of 25

Answer Stats

QuestionAnswer% Correct
What is the capital CityHarare
98%
Yellow
91%
English
90%
Colours of stripes on the flagGreen
90%
South Africa
90%
Black
89%
Botswana
89%
Red
89%
Was a plebiscite held to determine if Southern Rhodesia would join the Union of South Africa (Yes/no)Yes
89%
Was Zimbabwe part of the Federation of Rhodesia and Nyasaland (yes/no)yes
89%
Countries that border ZimbabweZambia
88%
Mozambique
87%
What was the country's name before IndependanceSouthern Rhodesia/Rhodesia
87%
Name of the leader since IndependanceRobert Mugabe
84%
What is the second CityBulawayo
76%
In what year was Independance granted1980
75%
Official Languages of ZimbabweChiShona
64%
What was the name of the currency before its use was discontinued in 2009Dollar
58%
Name one of the major border townsBeitbridge/Plumtree/Mutare/Victoria Falls/Kariba/Chirundu
55%
Archeological site after which the country is namedGreat Zimbabwe
54%
SiNdebele
49%
What is the name of the large dam in the north of the countryKariba
43%
What is the largest National Park in ZimbabweHwange
41%
National SymbolZimbabwe Bird
41%
After which nationalist leader is the Bulawayo Airport namedJoshua Nkomo
36%

Score Distribution

Percentile by Number Answered

Percent of People with Each Score

Your Score History

You have not taken this quiz